Sports Quiz

Random Sports or College Quiz
Score 0/20 Timer 07:00
1 Play Today
Hint Answer % Correct
StateFlorida
99.5%
Primary RivalFlorida
99.5%
Team ColorGarnet
93.2%
Team ColorGold
92.1%
NicknameSeminoles
91%
Famous Alum: CB Deion _______Sanders
90.1%
Famous Alum: QB Jameis _______Winston
89.4%
ConferenceACC
88.5%
Sport w/ most NCAA ChampionshipsFootball (3)
86.9%
No. of Women's Varsity Sports11
85.5%
Hint Answer % Correct
Primary RivalMiami
84.5%
CityTallahassee
81.6%
No. of Men's Varsity Sports9
79.6%
Famous Alum: C ____ CowensDave
56.7%
Football StadiumDoak Campbell Stadium
53.9%
Baseball StadiumMike Martin Field
31.1%
Basketball ArenaDonald L. Tucker Center
28.5%
Athletic DirectorDavid Coburn
26.5%
Fight SongFSU Fight Song
26%
MascotCimarron
24.8%
Remove Ads.
Support Sporcle.
Get the best of Sporcle when you Go Orange. This ad-free experience offers more features, more stats, and more fun while also helping to support Sporcle. Thank you for becoming a member.

You're not logged in!

Compare scores with friends on all Sporcle quizzes.
OR
Log In

Show Comments

Extras

Top Quizzes Today


Score Distribution

Your Account Isn't Verified!

In order to create a playlist on Sporcle, you need to verify the email address you used during registration. Go to your Sporcle Settings to finish the process.

Report this User

Report this user for behavior that violates our Community Guidelines.

Details: